[Event "Niteroi op 3rd"]
[Site "Niteroi"]
[Date "2023.09.09"]
[Round "8"]
[White "Chanduvi Loayza, Fidel Maximo"]
[Black "Simas, Breno Matos"]
[Result "1/2-1/2"]
[WhiteElo "1958"]
[BlackElo "1756"]
[PlyCount "69"]
[EventDate "2023.09.04"]
[EventType "swiss"]
[EventRounds "9"]
[EventCountry "BRA"]
[SourceTitle "EXT 2024"]
[Source "ChessBase"]
[SourceDate "2023.10.10"]
[SourceVersion "1"]
[SourceVersionDate "2023.10.10"]
[SourceQuality "1"]

1. e4 c6 2. d4 d5 3. exd5 cxd5 4. c4 Nc6 5. Nc3 Nf6 6. Bg5 e6 7. Nf3 Be7 8. Bd3 0-0 9. a3 dxc4 10. Bxc4 Nd5 11. h4 Nxc3 12. bxc3 e5 13. Nxe5 Nxe5 14. dxe5 Bxg5 15. hxg5 Qxg5 16. Qh5 Qxh5 17. Rxh5 g6 18. Rg5 Bf5 19. Bd5 Rac8 20. c4 b5 21. cxb5 Rc5 22. Rd1 Rxb5 23. Rg3 Kg7 24. f4 Rc8 25. Rd2 Rb1+ 26. Ke2 Rcc1 27. Rb3 Rxb3 28. Bxb3 Rc3 29. Rb2 Be4 30. Kf2 h5 31. a4 h4 32. e6 fxe6 33. Bxe6 Rc2+ 34. Rxc2 Bxc2 35. a5 1/2-1/2

[Event "Niteroi op 2nd"]
[Site "Niteroi"]
[Date "2022.09.04"]
[Round "5"]
[White "Barberi, Catarina"]
[Black "Simas, Breno Matos"]
[Result "0-1"]
[WhiteElo "1304"]
[BlackElo "1749"]
[PlyCount "110"]
[EventDate "2022.09.01"]
[EventType "swiss"]
[EventRounds "9"]
[EventCountry "BRA"]
[SourceTitle "CBM 210 Extra"]
[Source "ChessBase"]
[SourceDate "2022.11.30"]
[SourceVersion "1"]
[SourceVersionDate "2022.11.30"]
[SourceQuality "1"]

1. d4 Nf6 2. Nf3 g6 3. c4 Bg7 4. Nc3 d5 5. cxd5 Nxd5 6. e4 Nxc3 7. bxc3 0-0 8. Be2 c5 9. 0-0 Nc6 10. Bb2 Bg4 11. d5 Na5 12. Nd2 Bd7 13. Qc2 b5 14. c4 Bxb2 15. Qxb2 bxc4 16. Nxc4 Rb8 17. Qc3 Nxc4 18. Bxc4 Qb6 19. Qb3 Bb5 20. Rfc1 Bxc4 21. Qxc4 Rfc8 22. g3 Qb4 23. Qc2 Qa3 24. Rab1 Rxb1 25. Rxb1 c4 26. Rc1 c3 27. Rb1 Qc5 28. Rb3 Qd4 29. Rb1 Qd2 30. Rc1 Rc4 31. f3 a5 32. a3 f5 33. Qb1 Qe3+ 34. Kg2 Qe2+ 35. Kg1 Qxf3 36. exf5 Qxf5 37. Qb5 Rc8 38. Qxa5 c2 39. Qd2 Qe4 40. Kf1 Qh1+ 41. Kf2 Qxh2+ 42. Ke3 Qxg3+ 43. Ke2 Rf8 44. Rf1 Qg2+ 45. Ke3 Qxd2+ 46. Kxd2 Rxf1 47. Kxc2 h5 48. Kb2 h4 49. a4 h3 50. a5 h2 51. a6 h1Q 52. a7 Qxd5 53. Kc3 Rf3+ 54. Kb2 Qd2+ 55. Kb1 Rf1# 0-1

[Event "Bom Jesus do Itabapoana op 1st"]
[Site "Bom Jesus do Itabapoana"]
[Date "2021.08.28"]
[Round "4"]
[White "Simas, Breno Matos"]
[Black "Okamura, Milton Kasuo"]
[Result "0-1"]
[WhiteElo "1655"]
[BlackElo "1921"]
[PlyCount "66"]
[EventDate "2021.08.26"]
[EventType "swiss"]
[EventRounds "6"]
[EventCountry "BRA"]
[SourceTitle "CBM 204 Extra"]
[Source "ChessBase"]
[SourceDate "2021.11.30"]
[SourceVersion "1"]
[SourceVersionDate "2021.11.30"]
[SourceQuality "1"]

1. d4 d5 2. c4 c6 3. Nf3 Nf6 4. g3 dxc4 5. Bg2 b5 6. Ne5 e6 7. Nxc6 Qb6 8. Nxb8 Rxb8 9. Bf4 Bd6 10. Bxd6 Qxd6 11. Nc3 Bb7 12. e4 Qd7 13. 0-0 0-0 14. e5 Bxg2 15. exf6 Bh3 16. fxg7 Kxg7 17. Qh5 Bf5 18. Qg5+ Bg6 19. Rad1 b4 20. Ne4 f6 21. Qe3 Qd5 22. Nc5 Rb6 23. Rc1 Bf7 24. Rfd1 Rc6 25. a3 a5 26. axb4 axb4 27. Ra1 Rcc8 28. Qe4 Rxc5 29. Qg4+ Qg5 30. Qxg5+ Rxg5 31. Ra7 Rc8 32. Rb7 c3 33. Rxb4 c2 0-1

[Event "Sao Jose dos Campos IRT op"]
[Site "Sao Jose dos Campos"]
[Date "2020.12.20"]
[Round "5"]
[White "Simas, Breno Matos"]
[Black "Da Silva, Lucas Pereira Mende"]
[Result "0-1"]
[WhiteElo "1683"]
[BlackElo "1828"]
[PlyCount "62"]
[EventDate "2020.12.18"]
[EventType "swiss"]
[EventRounds "5"]
[EventCountry "BRA"]
[SourceTitle "EXT 2022"]
[Source "ChessBase"]
[SourceDate "2021.10.06"]
[SourceVersion "1"]
[SourceVersionDate "2021.10.06"]
[SourceQuality "1"]

1. d4 Nf6 2. c4 e6 3. g3 d5 4. Bg2 Be7 5. Nf3 0-0 6. 0-0 dxc4 7. Qc2 a6 8. Qxc4 b5 9. Qc2 Bb7 10. Bd2 Nc6 11. e3 Nb4 12. Bxb4 Bxb4 13. Nbd2 Rc8 14. a3 Bxd2 15. Nxd2 Bxg2 16. Kxg2 c5 17. dxc5 Qd5+ 18. f3 Rxc5 19. Qd1 Rfc8 20. Rf2 Ng4 21. Re2 Rc2 22. e4 Ne3+ 23. Kh1 Qd3 24. Qe1 Nc4 25. Rd1 Rd8 26. b3 Rxd2 27. Rexd2 Nxd2 28. Qf2 h6 29. Kg2 e5 30. Kh3 Rd4 31. Kg2 Qc3 0-1

[Event "Barbacena Inconfidentes Cup"]
[Site "Barbacena"]
[Date "2020.12.06"]
[Round "4"]
[White "De Freitas, Isabella Ribeiro Co"]
[Black "Simas, Breno Matos"]
[Result "1-0"]
[WhiteElo "1871"]
[BlackElo "1683"]
[PlyCount "95"]
[EventDate "2020.12.05"]
[EventType "swiss"]
[EventRounds "5"]
[EventCountry "BRA"]
[SourceTitle "CBM 199 Extra"]
[Source "ChessBase"]
[SourceDate "2021.01.31"]
[SourceVersion "1"]
[SourceVersionDate "2021.01.31"]
[SourceQuality "1"]

1. c4 e5 2. g3 Nf6 3. Bg2 c6 4. Nf3 e4 5. Nd4 d5 6. cxd5 Qxd5 7. Nb3 Qh5 8. h3 Bd6 9. Nc3 Qg6 10. Qc2 Bxg3 11. fxg3 Qxg3+ 12. Kf1 Qf4+ 13. Kg1 Bf5 14. e3 Qe5 15. Nd4 g6 16. b3 Na6 17. Ba3 c5 18. Nde2 Nb4 19. Qd1 Nd3 20. Nc1 Qg3 21. Nxd3 exd3 22. Qf3 Nh5 23. Qxg3 Nxg3 24. Bxb7 Rd8 25. Rh2 0-0 26. Bxc5 Rfe8 27. Kf2 Nh5 28. Bd4 f6 29. Bf3 Kf7 30. Bxh5 gxh5 31. Bxa7 Rc8 32. b4 Rc7 33. Nb5 Rd7 34. Bc5 Re6 35. Nd4 Re5 36. Nxf5 Rxf5+ 37. Kg1 Ke6 38. Rg2 Kd5 39. Rf1 Ke4 40. Rxf5 Kxf5 41. Rf2+ Ke6 42. Bd4 f5 43. b5 Rc7 44. b6 Rc1+ 45. Rf1 Rc8 46. b7 Rg8+ 47. Kh2 Rb8 48. Rb1 1-0

[Event "Taubate op"]
[Site "Taubate"]
[Date "2020.11.02"]
[Round "5"]
[White "De Carvalho, Vitor Augusto Ponci"]
[Black "Simas, Breno Matos"]
[Result "1/2-1/2"]
[WhiteElo "1413"]
[BlackElo "1694"]
[PlyCount "45"]
[EventDate "2020.10.31"]
[EventType "swiss"]
[EventRounds "6"]
[EventCountry "BRA"]
[SourceTitle "CBM 199 Extra"]
[Source "ChessBase"]
[SourceDate "2021.01.31"]
[SourceVersion "1"]
[SourceVersionDate "2021.01.31"]
[SourceQuality "1"]

1. e4 c5 2. g3 Nc6 3. Bg2 g6 4. f4 Bg7 5. Nf3 d6 6. 0-0 Nf6 7. Nc3 0-0 8. d3 Bg4 9. h3 Bxf3 10. Bxf3 Nd4 11. Ne2 Nxf3+ 12. Rxf3 Qb6 13. Kg2 h5 14. Rb1 Qc6 15. c4 Nd7 16. Bd2 f5 17. Qc2 e5 18. Bc3 Rae8 19. Re1 Nf6 20. exf5 e4 21. dxe4 Nxe4 22. Bxg7 Kxg7 23. Kh2 1/2-1/2

[Event "Sao Joao del Rei op"]
[Site "Sao Joao del Rei"]
[Date "2020.02.09"]
[Round "4"]
[White "Simas, Breno Matos"]
[Black "Sampaio, Andre Luiz"]
[Result "1/2-1/2"]
[WhiteElo "1671"]
[BlackElo "1718"]
[PlyCount "24"]
[EventDate "2020.02.08"]
[EventType "swiss"]
[EventRounds "5"]
[EventCountry "BRA"]
[SourceTitle "CBM 195 Extra"]
[Source "ChessBase"]
[SourceDate "2020.05.31"]
[SourceVersion "1"]
[SourceVersionDate "2020.05.31"]
[SourceQuality "1"]

1. d4 d5 2. c4 c6 3. Nf3 Nf6 4. g3 Bg4 5. Bg2 e6 6. 0-0 Be7 7. Qb3 Qb6 8. c5 Qxb3 9. axb3 Nbd7 10. Nc3 0-0 11. Bf4 Nh5 12. Be3 Nhf6 1/2-1/2

[Event "Mineiro-ch"]
[Site "Varginha"]
[Date "2019.11.17"]
[Round "6"]
[White "Sampaio, Andre Luiz"]
[Black "Simas, Breno Matos"]
[Result "1-0"]
[WhiteElo "1724"]
[BlackElo "1608"]
[PlyCount "57"]
[EventDate "2019.11.14"]
[EventType "swiss"]
[EventRounds "7"]
[EventCountry "BRA"]
[SourceTitle "EXT 2021"]
[Source "ChessBase"]
[SourceDate "2020.10.23"]
[SourceVersion "1"]
[SourceVersionDate "2020.10.23"]
[SourceQuality "1"]

1. e4 c6 2. d4 d5 3. exd5 cxd5 4. Bd3 Nc6 5. c3 Nf6 6. Bg5 e6 7. Nf3 Be7 8. Nbd2 0-0 9. Qe2 Re8 10. 0-0 a6 11. Rad1 b5 12. Ne5 Qc7 13. f4 Rb8 14. Rf3 b4 15. Rh3 g6 16. Qf2 Nxe5 17. fxe5 Ng4 18. Qh4 Bxg5 19. Qxg5 bxc3 20. bxc3 Qxc3 21. Qxg4 Qa5 22. Qh4 Rb2 23. Qxh7+ Kf8 24. Bxg6 Rb7 25. Qh8+ Ke7 26. Qf6+ Kd7 27. Qxf7+ Re7 28. Qf8 Qb4 29. Nb3 1-0